[Event "Moscow Open 2007"]
[Site "Moscow"]
[Date "2007.02.04"]
[Round "9"]
[White "Metlyakhin, Dmitry"]
[Black "Kadimova, Ilaha"]
[Result "1/2-1/2"]
[WhiteElo "2199"]
[BlackElo "2333"]
[PlyCount "62"]
[EventDate "2007.??.??"]

1. Nf3 d5 2. d4 Nf6 3. c4 c6 4. cxd5 cxd5 5. Bf4 Nc6 6. Nbd2 Qb6 7. Qb3 Nxd4 8.
Nxd4 Qxd4 9. e3 Qb6 10. Bb5+ Bd7 11. Bxd7+ Nxd7 12. Qxd5 e6 13. Qd3 Nc5 14. Qc2
Qa6 15. Nc4 b5 16. Nd2 Be7 17. O-O O-O 18. Ne4 Rac8 19. Nxc5 Rxc5 20. Qe2 Qc6
21. Rad1 Rc2 22. Rd2 Rxd2 23. Qxd2 Rd8 24. Qe2 f5 25. Rd1 Rd5 26. Rxd5 Qxd5 27.
f3 Bc5 28. b3 h6 29. Kf1 a6 30. Bg3 Bb6 31. e4 fxe4 1/2-1/2

[Event "Moscow Open 2007"]
[Site "Moscow"]
[Date "2007.02.04"]
[Round "9"]
[White "Pasalic, Kharun"]
[Black "Nebolsina, Vera"]
[Result "1-0"]
[WhiteElo "2197"]
[BlackElo "2324"]
[PlyCount "51"]
[EventDate "2007.??.??"]

1. Nf3 d5 2. g3 Bg4 3. Bg2 c6 4. h3 Bxf3 5. exf3 Nd7 6. f4 e6 7. O-O Bd6 8. Re1
Ne7 9. b3 Qb6 10. Bb2 O-O-O 11. a4 Nf5 12. a5 Qc7 13. d4 h5 14. h4 Nf6 15. c4
dxc4 16. bxc4 Bc5 17. a6 Nxd4 18. Nc3 Nf5 19. axb7+ Qxb7 20. Qa4 Bxf2+ 21. Kf1
Bxe1 22. Bxc6 Qb6 23. c5 Nxg3+ 24. Kxe1 Rd1+ 25. Rxd1 Qxb2 26. Qa6+ 1-0

[Event "Moscow Open 2007"]
[Site "Moscow"]
[Date "2007.02.04"]
[Round "9"]
[White "Omariev, Maksim"]
[Black "Prokopchuk, Yury"]
[Result "1/2-1/2"]
[WhiteElo "2153"]
[BlackElo "2316"]
[PlyCount "139"]
[EventDate "2007.??.??"]

1. e4 Nf6 2. e5 Nd5 3. d4 d6 4. Nf3 dxe5 5. Nxe5 g6 6. c4 Nb6 7. Nc3 Bg7 8. Be3
c5 9. Be2 cxd4 10. Bxd4 O-O 11. O-O f6 12. Nf3 e5 13. Bc5 Re8 14. Qxd8 Rxd8 15.
Rfd1 Rxd1+ 16. Rxd1 Nc6 17. Nd5 Bg4 18. h3 Na4 19. Be3 Bxf3 20. gxf3 b6 21. b3
Nc5 22. Bxc5 bxc5 23. Nc7 Rd8 24. Rd5 Bf8 25. Kg2 Kf7 26. Bd3 f5 27. Nb5 a5 28.
Nc3 Be7 29. Na4 Nb4 30. Rxd8 Bxd8 31. Bb1 Be7 32. Nb6 Ke6 33. Kf1 Nc6 34. Nd5
Nd4 35. Kg2 Bd6 36. Bd3 Be7 37. Nc7+ Kd7 38. Nd5 Bd8 39. Nc3 Ne6 40. Nd5 Kc6
41. Bc2 Kb7 42. Bd1 Bh4 43. Bc2 Ka6 44. Bd1 Nd4 45. Nc7+ Kb7 46. Nd5 Kc6 47.
Kg1 Kd6 48. Kf1 Ne6 49. Be2 Bg5 50. Bd1 Bd8 51. Bc2 Bh4 52. Bd3 Ng5 53. Kg2 e4
54. fxe4 Nxe4 55. f3 Ng5 56. Bc2 Ne6 57. f4 Be1 58. Bd3 Bd2 59. Kf3 Be1 60. Ke2
Bh4 61. Kf3 Bd8 62. Ke3 Nd4 63. Nc3 Ke6 64. Nb5 Nc6 65. Be2 Nb4 66. a3 Nc6 67.
Bf3 Ne7 68. Nc3 Bc7 69. Nd5 Bd6 70. Nxe7 1/2-1/2

[Event "Moscow Open 2007"]
[Site "Moscow"]
[Date "2007.02.04"]
[Round "9"]
[White "Koshevoy, Sergey"]
[Black "Arslanov, Shamil"]
[Result "0-1"]
[WhiteElo "2294"]
[BlackElo "2192"]
[PlyCount "78"]
[EventDate "2007.??.??"]

1. d4 Nf6 2. c4 g6 3. Nc3 Bg7 4. e4 d6 5. Nf3 O-O 6. h3 e5 7. d5 Nh5 8. Nh2 Qe8
9. Be2 Nf4 10. Bf3 f5 11. g3 Nxh3 12. Bg2 fxe4 13. Be3 g5 14. Nxe4 Qg6 15. Nc3
h5 16. Nf3 Bg4 17. Rxh3 e4 18. Qc2 Bxh3 19. Bxh3 Bxc3+ 20. Qxc3 Rxf3 21. Be6+
Kh7 22. O-O-O Na6 23. Rh1 g4 24. Rh4 Rf5 25. Bxf5 Qxf5 26. b4 Kg6 27. a3 Rf8
28. Qd4 b6 29. Bf4 Re8 30. Rh1 Nb8 31. c5 Nd7 32. cxd6 cxd6 33. Bxd6 Nf6 34.
Rd1 Rd8 35. Qe5 Rc8+ 36. Kb1 Qxf2 37. Bc7 e3 38. d6 e2 39. Rc1 Re8 0-1

[Event "Moscow Open 2007"]
[Site "Moscow"]
[Date "2007.02.04"]
[Round "9"]
[White "Shumilina, Alexandra"]
[Black "Romashko, Andrei"]
[Result "0-1"]
[WhiteElo "2277"]
[BlackElo "2177"]
[PlyCount "58"]
[EventDate "2007.??.??"]

1. e4 e6 2. d3 d5 3. Nd2 Nf6 4. Ngf3 Bc5 5. Be2 Nc6 6. c3 a5 7. a4 O-O 8. O-O
dxe4 9. dxe4 e5 10. Qc2 Qe7 11. Nc4 Rd8 12. Bg5 h6 13. Bh4 g5 14. Bg3 Nh5 15.
Bxe5 g4 16. Rad1 Rxd1 17. Rxd1 gxf3 18. Bxf3 Nxe5 19. Nxe5 Qxe5 20. Rd5 Qe7 21.
Rxh5 Ra6 22. Qd2 Kg7 23. e5 Rg6 24. h4 c6 25. Qf4 Qe6 26. Qd2 Bb6 27. Qf4 Qb3
28. Qc1 Qc4 29. Qd1 Bg4 0-1

[Event "Moscow Open 2007"]
[Site "Moscow"]
[Date "2007.02.04"]
[Round "9"]
[White "Skurikhin, Dmitrij"]
[Black "Cherenkov, Andrey"]
[Result "1-0"]
[WhiteElo "2401"]
[BlackElo "2206"]
[PlyCount "77"]
[EventDate "2007.??.??"]

1. d4 d5 2. Nf3 Nf6 3. c4 c6 4. Nc3 a6 5. c5 Nbd7 6. Bf4 Nh5 7. e3 g6 8. Be2
Bg7 9. O-O Nxf4 10. exf4 b6 11. cxb6 Qxb6 12. Na4 Qc7 13. g3 O-O 14. Rc1 f6 15.
Qc2 Bb7 16. f5 g5 17. Rfe1 Rfe8 18. Bd3 Rac8 19. Nc5 Nxc5 20. Qxc5 Rcd8 21. Re6
Rd6 22. Rce1 Bf8 23. Qa3 Rxe6 24. fxe6 Bh6 25. Bb1 Kg7 26. Qd3 Rh8 27. h4 gxh4
28. Nxh4 Bg5 29. Nf5+ Kf8 30. Qf3 h5 31. Kg2 Qc8 32. Qa3 Qc7 33. Qd3 Ke8 34.
Rh1 Kd8 35. f4 Bxf4 36. gxf4 Qxf4 37. Qg3 Qd2+ 38. Kh3 Qxb2 39. Qb8+ 1-0

[Event "Moscow Open 2007"]
[Site "Moscow"]
[Date "2007.02.04"]
[Round "9"]
[White "Gunina, Valentina"]
[Black "Pluzhnik, Mikhail"]
[Result "1/2-1/2"]
[WhiteElo "2347"]
[BlackElo "2198"]
[PlyCount "131"]
[EventDate "2007.??.??"]

1. d4 Nf6 2. c4 g6 3. Nc3 Bg7 4. e4 d6 5. f3 O-O 6. Be3 e5 7. d5 Nh5 8. c5 f5
9. Qd2 Nd7 10. cxd6 cxd6 11. exf5 gxf5 12. Nb5 Ndf6 13. Ne2 f4 14. Bxa7 e4 15.
Nec3 Bf5 16. Bc4 e3 17. Qe2 Nd7 18. Bd4 Qh4+ 19. Kd1 Ne5 20. Nxd6 Nxc4 21. Nxf5
Nxb2+ 22. Kc2 Rxf5 23. Bxg7 Nxg7 24. Kxb2 Qe7 25. a3 Rf6 26. Qc4 Rb6+ 27. Nb5
Qd7 28. a4 Rc8 29. Qa2 Rc5 30. Rac1 Rcxb5+ 31. axb5 Qxb5+ 32. Kc3 Qb4+ 33. Kd3
Ra6 34. Rc8+ Kf7 35. Rc7+ Kf6 36. Qc4 Qd2+ 37. Ke4 Nf5 38. Qc3+ Qxc3 39. Rxc3
Ra4+ 40. Kd3 Rd4+ 41. Kc2 Rd2+ 42. Kb3 Rxg2 43. Rc4 Ke5 44. Re4+ Kxd5 45. Rd1+
Rd2 46. Rxd2+ exd2 47. Kc2 Nd4+ 48. Kd1 Nxf3 49. Re2 Kd4 50. h3 Kd3 51. Re7 Ng5
52. Rd7+ Ke3 53. Rxd2 f3 54. Rb2 Ne4 55. Rb3+ Kf2 56. Rxb7 h5 57. Rh7 Ng3 58.
Rf7 Kg2 59. Ke1 Ne4 60. Rg7+ Kxh3 61. Kf1 h4 62. Re7 Ng5 63. Kf2 Kg4 64. Rg7 h3
65. Rxg5+ Kxg5 66. Kxf3 1/2-1/2

[Event "Moscow Open 2007"]
[Site "Moscow"]
[Date "2007.02.04"]
[Round "9"]
[White "Vladimirov, Ivan"]
[Black "Demianjuk, Alexander"]
[Result "0-1"]
[WhiteElo "2191"]
[BlackElo "2342"]
[PlyCount "78"]
[EventDate "2007.??.??"]

1. e4 c5 2. Nc3 Nc6 3. g3 g6 4. Bg2 Bg7 5. f4 d6 6. Nf3 e6 7. d3 Nge7 8. O-O
O-O 9. g4 f5 10. exf5 gxf5 11. g5 e5 12. Be3 b6 13. fxe5 dxe5 14. Qd2 Be6 15.
Bf2 Nd5 16. g6 h6 17. Rae1 Nxc3 18. bxc3 Bd5 19. c4 Bxf3 20. Bxf3 e4 21. Bg2
Ne5 22. Qd1 Qg5 23. Kh1 Rad8 24. Re3 Nxc4 25. Rg3 Qf6 26. Qh5 f4 27. Be1 f3 28.
Bh3 Ne3 29. Rf2 Rd5 30. Qxd5+ Nxd5 31. dxe4 Qe5 32. exd5 Qxe1+ 33. Rf1 f2 34.
d6 c4 35. d7 Rd8 36. Rf3 Rxd7 37. R3xf2 Qe4+ 38. Rg2 Rd2 39. Rfg1 Rxc2 0-1

[Event "Moscow Open 2007"]
[Site "Moscow"]
[Date "2007.02.04"]
[Round "9"]
[White "Kruchev, Boris"]
[Black "Bogumil, Tatiana"]
[Result "1-0"]
[WhiteElo "2328"]
[BlackElo "2188"]
[PlyCount "73"]
[EventDate "2007.??.??"]

1. e4 g6 2. d4 Bg7 3. c4 d6 4. Nc3 c5 5. d5 Nf6 6. f4 O-O 7. Nf3 Qa5 8. Bd3 b5
9. cxb5 a6 10. Bd2 Nfd7 11. a4 Qc7 12. O-O a5 13. Qc2 Nb6 14. h3 N8d7 15. Rad1
Bb7 16. Nb1 Rfc8 17. Kh1 c4 18. Be2 Nc5 19. Nc3 Nb3 20. Be3 Nd7 21. Nd4 Bxd4
22. Bxd4 Nxd4 23. Rxd4 Nb6 24. f5 Qc5 25. Qd2 Rc7 26. e5 dxe5 27. Rh4 Nxd5 28.
Qh6 Nf6 29. fxg6 fxg6 30. Bxc4+ Qxc4 31. Rxc4 Rxc4 32. Qe3 Rd4 33. Rf2 Nd7 34.
Rd2 Rxd2 35. Qxd2 Nf6 36. Qe3 Nd5 37. Qxe5 1-0

[Event "Moscow Open 2007"]
[Site "Moscow"]
[Date "2007.02.04"]
[Round "9"]
[White "Kineva, Ekaterina"]
[Black "Margolit, Remir B"]
[Result "1-0"]
[WhiteElo "2190"]
[BlackElo "2312"]
[PlyCount "85"]
[EventDate "2007.??.??"]

1. e4 c6 2. d4 d5 3. Nd2 dxe4 4. Nxe4 Nf6 5. Nxf6+ gxf6 6. Bc4 Bf5 7. c3 e6 8.
Bf4 Bd6 9. Bg3 Qc7 10. Nf3 Bg4 11. Qd3 Nd7 12. Nh4 O-O-O 13. O-O Bxg3 14. hxg3
Ne5 15. Qe4 Nxc4 16. Qxg4 Nxb2 17. Rab1 Nc4 18. Rb4 Nd6 19. Rfb1 Rd7 20. Ra4 a6
21. c4 c5 22. Qf3 f5 23. Rxa6 Kd8 24. Ra8+ Nc8 25. d5 Re8 26. Qh5 Qe5 27. dxe6
Rxe6 28. Nxf5 Kc7 29. Qf3 Qe4 30. Qxe4 Rxe4 31. Ne3 Nb6 32. Ra5 Kc6 33. Rbb5
Nxc4 34. Rxc5+ Kb6 35. Nd5+ Rxd5 36. Rab5+ Ka6 37. Rxd5 Re1+ 38. Kh2 Re2 39.
Rb4 Ne5 40. Rf4 b6 41. g4 f6 42. a4 Ra2 43. Rdd4 1-0

[Event "Moscow Open 2007"]
[Site "Moscow"]
[Date "2007.02.04"]
[Round "9"]
[White "Venevtsev, Andrey"]
[Black "Stukopin, Andrey"]
[Result "0-1"]
[WhiteElo "2181"]
[BlackElo "2307"]
[PlyCount "48"]
[EventDate "2007.??.??"]

1. e4 c5 2. Nf3 d6 3. d4 cxd4 4. Nxd4 Nf6 5. Nc3 Nc6 6. Be2 e5 7. Nf3 Be7 8.
O-O O-O 9. h3 h6 10. Be3 Be6 11. Qd2 a6 12. Rfd1 b5 13. a3 Rc8 14. Kh2 Na5 15.
Bxh6 gxh6 16. Qxh6 Nh7 17. h4 Bf6 18. Rd3 Bg7 19. Qh5 Nf6 20. Qg5 Nc4 21. h5
Nxb2 22. Rh1 Ng4+ 23. Kg1 Nxd3 24. h6 Qxg5 0-1

[Event "Moscow Open 2007"]
[Site "Moscow"]
[Date "2007.02.04"]
[Round "9"]
[White "Babushkin, Eduard"]
[Black "Viliavin, Roman"]
[Result "1-0"]
[WhiteElo "2170"]
[BlackElo "2263"]
[PlyCount "67"]
[EventDate "2007.??.??"]

1. d4 f5 2. g3 Nf6 3. Bg2 g6 4. c3 Bg7 5. Qb3 d5 6. Nh3 O-O 7. Nf4 c6 8. h4 Qb6
9. Qc2 e5 10. dxe5 Ng4 11. Nd3 Nd7 12. f4 Ndxe5 13. fxe5 Bxe5 14. Bf3 Bxg3+ 15.
Kd1 f4 16. Qb3 Qc7 17. c4 Bf5 18. cxd5 Rf7 19. Nc3 Re8 20. Bd2 Nh2 21. Qc4 b5
22. Qd4 b4 23. d6 Nxf3 24. exf3 Qc8 25. Ne4 Bxe4 26. fxe4 Qg4+ 27. Kc2 f3 28.
Nc5 f2 29. Rad1 Bxh4 30. Qc4 a5 31. Rhf1 Bg3 32. Be3 Qf3 33. d7 Rd8 34. Bg5 1-0

[Event "Moscow Open 2007"]
[Site "Moscow"]
[Date "2007.02.04"]
[Round "9"]
[White "Shamugia, Shavleg"]
[Black "Davydenko, Andrey"]
[Result "1-0"]
[WhiteElo "2277"]
[BlackElo "2167"]
[PlyCount "73"]
[EventDate "2007.??.??"]

1. e4 c5 2. Na3 Nc6 3. Bb5 g6 4. f4 d5 5. e5 Bg7 6. Nf3 Bg4 7. c3 Nh6 8. O-O
O-O 9. Kh1 f6 10. exf6 Bxf6 11. Nc2 d4 12. cxd4 cxd4 13. d3 Nf5 14. Qe1 Kg7 15.
Bxc6 bxc6 16. Ne5 h5 17. Na3 Rc8 18. Nac4 Qd5 19. Bd2 Nh4 20. Rf2 Rb8 21. Nxg4
hxg4 22. Ne5 g3 23. hxg3 Nf5 24. Re2 Rxb2 25. Nf3 Nh6 26. Nh2 Rh8 27. Kg1 Qh5
28. Rc1 Nf5 29. Nf1 Rb7 30. Rc5 Qh1+ 31. Kf2 Nh4 32. gxh4 Bxh4+ 33. Ng3 Qh2 34.
Kf3 Rf8 35. Rxc6 e5 36. Rxe5 Rbf7 37. Ree6 1-0

[Event "Moscow Open 2007"]
[Site "Moscow"]
[Date "2007.02.04"]
[Round "9"]
[White "Loginov, Anton"]
[Black "Khropova, Larisa"]
[Result "1-0"]
[WhiteElo "2243"]
[BlackElo "2163"]
[PlyCount "93"]
[EventDate "2007.??.??"]

1. d4 d5 2. c4 c6 3. cxd5 cxd5 4. Bf4 Nc6 5. e3 Bf5 6. Nc3 e6 7. Qb3 Qd7 8. Nf3
f6 9. Be2 Be7 10. O-O g5 11. Bg3 Nh6 12. h4 Nf7 13. Rac1 O-O 14. Na4 Rac8 15.
Nc5 Bxc5 16. Rxc5 b6 17. Rcc1 Na5 18. Qb5 Qe7 19. hxg5 fxg5 20. Ne5 Nxe5 21.
Bxe5 Nc4 22. Qa6 Qd7 23. Bh2 Be4 24. b3 Nd2 25. Rfd1 Rxc1 26. Rxc1 Qf7 27. Bg3
e5 28. Rc8 exd4 29. exd4 h5 30. Rxf8+ Kxf8 31. Qc8+ Kg7 32. Qc1 Nb1 33. Qxg5+
Qg6 34. Qe7+ Kg8 35. Qd8+ Kh7 36. Qc7+ Kg8 37. Qb8+ Kh7 38. Qxa7+ Kg8 39. Qb8+
Kh7 40. Qc7+ Kg8 41. Qd8+ Kh7 42. Qh4 Qg7 43. Qxh5+ Kg8 44. Qg4 Nd2 45. Qxg7+
Kxg7 46. f3 Bb1 47. Be1 1-0

[Event "Moscow Open 2007"]
[Site "Moscow"]
[Date "2007.02.04"]
[Round "9"]
[White "Pankov, Gennady"]
[Black "Girya, Olga"]
[Result "0-1"]
[WhiteElo "2014"]
[BlackElo "2235"]
[PlyCount "118"]
[EventDate "2007.??.??"]

1. e4 c5 2. Nf3 Nc6 3. d4 cxd4 4. Nxd4 e5 5. Nb3 Nf6 6. Nc3 Bb4 7. Bd2 d5 8.
exd5 Nxd5 9. Bd3 Nxc3 10. bxc3 Be7 11. Qh5 Be6 12. Be3 g6 13. Qe2 O-O 14. O-O
b6 15. Bh6 Re8 16. Bb5 Rc8 17. Rad1 Qc7 18. Bxc6 Qxc6 19. Qxe5 Qxc3 20. Nd4 Bf8
21. Bxf8 Rxf8 22. Qf6 Bc4 23. Rfe1 Rfe8 24. Re7 Bxa2 25. h3 Rxe7 26. Qxe7 Qc7
27. Qg5 Qd8 28. Qg4 h5 29. Qf3 Qd5 30. Qe2 Bc4 31. Qe1 Rd8 32. Rd2 a5 33. Nf3
Qa8 34. Qe7 Rxd2 35. Nxd2 Be6 36. f3 Qf8 37. Qf6 Qc5+ 38. Kh1 Bf5 39. Nb3 Qxc2
40. Nd4 Qc1+ 41. Kh2 Qc7+ 42. Kh1 Bd7 43. f4 b5 44. Nf3 a4 45. Ne5 Bf5 46. Kh2
a3 47. Nc6 Qxf4+ 48. Kh1 Qc1+ 49. Kh2 Qf4+ 50. Kh1 Qc4 51. Qd8+ Kg7 52. Ne7 Be4
53. Kh2 Qe2 54. Qg8+ Kf6 55. Nd5+ Bxd5 56. Qd8+ Qe7 57. Qh8+ Ke6 58. Qc8+ Qd7
59. Qa6+ Qd6+ 0-1

[Event "Moscow Open 2007"]
[Site "Moscow"]
[Date "2007.02.04"]
[Round "9"]
[White "Ezhikov, Vitaly"]
[Black "Erendzhenov, Stanislav"]
[Result "0-1"]
[WhiteElo "2131"]
[BlackElo "2405"]
[PlyCount "50"]
[EventDate "2007.??.??"]

1. d4 g6 2. c4 Bg7 3. Nc3 c5 4. d5 Bxc3+ 5. bxc3 f5 6. g3 Nf6 7. Bg2 Qa5 8. Bd2
d6 9. Qc2 Nbd7 10. Bg5 Qa6 11. Qb3 Ne5 12. Bxf6 exf6 13. Qb5+ Bd7 14. Qxa6 bxa6
15. e3 Nxc4 16. Bf1 Na3 17. Rc1 Rb8 18. Bxa6 Rb2 19. Nf3 Ke7 20. O-O Rhb8 21.
Rfd1 Rxa2 22. Ra1 Rxa1 23. Rxa1 Rb1+ 24. Rxb1 Nxb1 25. c4 Kd8 0-1

[Event "Moscow Open 2007"]
[Site "Moscow"]
[Date "2007.02.04"]
[Round "9"]
[White "Elfert, Aleksandr V"]
[Black "Kremenietsky, Anatoly M"]
[Result "0-1"]
[WhiteElo "2114"]
[BlackElo "2389"]
[PlyCount "134"]
[EventDate "2007.??.??"]

1. e4 c5 2. Nf3 d6 3. d4 cxd4 4. Nxd4 Nf6 5. Nc3 a6 6. Bg5 e6 7. f4 Nbd7 8. Qf3
Qc7 9. O-O-O b5 10. Bd3 Bb7 11. Kb1 b4 12. Nce2 Be7 13. g4 Nc5 14. Bxf6 gxf6
15. Rc1 d5 16. Ng3 dxe4 17. Bxe4 Nxe4 18. Nxe4 h5 19. Rhe1 hxg4 20. Qxg4 O-O-O
21. Qg7 Kb8 22. Nb3 f5 23. Ng5 Bxg5 24. Qxg5 Rhg8 25. Qf6 Rg6 26. Qe5 Qxe5 27.
Rxe5 Rh8 28. Rc5 Bd5 29. Ra5 Rg4 30. Rxa6 Rxf4 31. Nc5 Rc4 32. Nd3 Kb7 33. Ra4
Rhh4 34. Ne5 Rcd4 35. a3 bxa3 36. Rxa3 Rh7 37. Rc3 f6 38. Nd3 Rc7 39. Rxc7+
Kxc7 40. Rg1 Rh4 41. Rg6 Kd6 42. Rxf6 Rxh2 43. Kc1 Be4 44. Ne1 Ke7 45. Rg6 f4
46. Rg1 e5 47. Rf1 Ke6 48. b4 Kd5 49. b5 Rh6 50. Nf3 Bxf3 51. Rxf3 Rb6 52. Rd3+
Kc4 53. Kd2 Rxb5 54. Ke2 e4 55. Ra3 Kd4 56. Ra4+ Ke5 57. Ra8 Kf5 58. Rf8+ Kg4
59. Rg8+ Rg5 60. Rf8 Kg3 61. Rf7 Rg8 62. Rh7 Kg4 63. Re7 Rc8 64. Rxe4 Rxc2+ 65.
Kf1 Ra2 66. Rb4 Kg3 67. Ke1 f3 0-1

[Event "Moscow Open 2007"]
[Site "Moscow"]
[Date "2007.02.04"]
[Round "9"]
[White "Popelyshev, Igor V"]
[Black "Konenkin, Dmitry"]
[Result "1/2-1/2"]
[WhiteElo "2106"]
[BlackElo "2319"]
[PlyCount "80"]
[EventDate "2007.??.??"]

1. e4 d6 2. d4 Nf6 3. Bd3 e5 4. c3 d5 5. dxe5 Nxe4 6. Bxe4 dxe4 7. Qxd8+ Kxd8
8. Bg5+ Be7 9. Be3 Nd7 10. e6 Ne5 11. exf7 Nd3+ 12. Ke2 Be6 13. b3 Bxf7 14. Nd2
Bh5+ 15. f3 exf3+ 16. Ngxf3 Ne5 17. Rad1 Kc8 18. h3 Nc6 19. Kf2 b6 20. g4 Bg6
21. Bg5 Bc5+ 22. Be3 Bxe3+ 23. Kxe3 Kb7 24. Rhe1 Rhf8 25. Kf2 Rad8 26. Kg2 Rd3
27. Rc1 b5 28. Re2 b4 29. cxb4 Nxb4 30. Re7 Nd5 31. Rxg7 Rdxf3 32. Nxf3 Be4 33.
Re1 Bxf3+ 34. Kg3 Nc3 35. Ree7 Nd5 36. Re5 Nf6 37. Rf5 Be4 38. Rf4 Bg6 39. Kf3
Be4+ 40. Kg3 Bg6 1/2-1/2

[Event "Moscow Open 2007"]
[Site "Moscow"]
[Date "2007.02.04"]
[Round "9"]
[White "Idrisova, Roza"]
[Black "Ambartsumova, Karina"]
[Result "0-1"]
[WhiteElo "2109"]
[BlackElo "2179"]
[PlyCount "144"]
[EventDate "2007.??.??"]

1. d4 Nf6 2. c4 c5 3. d5 e6 4. Nc3 exd5 5. cxd5 d6 6. Nf3 g6 7. e4 Bg7 8. Bd3
O-O 9. h3 Nh5 10. O-O a6 11. a4 Nd7 12. a5 Ne5 13. Nxe5 Bxe5 14. f4 Bd4+ 15.
Kh2 Bd7 16. Bd2 Qh4 17. Qf3 Rae8 18. Ne2 Bh8 19. Be1 Qd8 20. Bc3 Bxc3 21. bxc3
Ng7 22. Rfb1 Bc8 23. Ng3 Re7 24. Rb6 f5 25. e5 dxe5 26. d6 Ree8 27. Qd5+ Kh8
28. fxe5 Ne6 29. Bc4 Rf7 30. Qd2 Qh4 31. Bd5 f4 32. Nf1 f3 33. Qe3 fxg2 34.
Bxg2 Ng5 35. Qg3 Qh5 36. Ra4 Nf3+ 37. Kh1 Nxe5 38. Rh4 Qd1 39. Rf4 Rxf4 40.
Qxf4 Nd7 41. Rb2 Rf8 42. Qc4 Qxd6 43. Qe2 Qe5 44. Qd3 Nf6 45. Ng3 Nh5 46. Nxh5
Qxh5 47. Qd6 Kg7 48. Qc7+ Kg8 49. Kh2 Qf5 50. Qd6 Qf4+ 51. Qxf4 Rxf4 52. c4 Kf8
53. Bxb7 Bxb7 54. Rxb7 Rxc4 55. Ra7 Ra4 56. Rxa6 Ke7 57. Ra8 Kd7 58. a6 Kc7 59.
Ra7+ Kb6 60. Rxh7 Rxa6 61. Kg3 Kb5 62. Kf4 Re6 63. Rb7+ Kc4 64. Rb1 Kd3 65. Rc1
c4 66. Rd1+ Kc2 67. Rd8 c3 68. Rc8 Kd2 69. h4 c2 70. Rd8+ Kc1 71. Rc8 Rb6 72.
Kg5 Kb1 0-1

[Event "Moscow Open 2007"]
[Site "Moscow"]
[Date "2007.02.04"]
[Round "9"]
[White "Kreines, Mikhail"]
[Black "Rasstriguine, Andrei"]
[Result "1/2-1/2"]
[WhiteElo "2088"]
[BlackElo "2161"]
[PlyCount "37"]
[EventDate "2007.??.??"]

1. e4 c6 2. d4 d5 3. Nc3 dxe4 4. Nxe4 Bf5 5. Ng3 Bg6 6. Nf3 Nd7 7. Bd3 Ngf6 8.
O-O e6 9. Bf4 Nd5 10. Bg5 Qc7 11. Bxg6 hxg6 12. Re1 Be7 13. Bxe7 Nxe7 14. Qe2
Nf5 15. Nxf5 gxf5 16. c4 Nf6 17. Qe5 O-O-O 18. Qxc7+ Kxc7 19. Rad1 1/2-1/2

[Event "Moscow Open 2007"]
[Site "Moscow"]
[Date "2007.02.04"]
[Round "9"]
[White "Ludanov, Nikolay"]
[Black "Kassimski, Kiril"]
[Result "0-1"]
[WhiteElo "2147"]
[BlackElo "2088"]
[PlyCount "62"]
[EventDate "2007.??.??"]

1. e4 c5 2. b3 Nc6 3. Bb2 e5 4. Nf3 d6 5. Bb5 g6 6. d3 Bg7 7. Nc3 Nge7 8. h4
Bg4 9. Qd2 Qd7 10. Nh2 Be6 11. Nf1 O-O-O 12. Ne3 a6 13. Bc4 Kb8 14. a4 Nd4 15.
Ncd5 Bh6 16. c3 Bxd5 17. exd5 Nef5 18. cxd4 exd4 19. Qa5 dxe3 20. O-O-O e2+ 21.
Rd2 Rhe8 22. Re1 Nxh4 23. Kb1 Qg4 24. Rdxe2 Qd7 25. Rxe8 Rxe8 26. Rxe8+ Qxe8
27. Qb6 Qe7 28. Bxa6 Nxg2 29. Be5 Bf4 30. Bxf4 Nxf4 31. Bxb7 Qxb7 0-1

 Qxb7 0-1

[Event "Moscow Open 2007"]
[Site "Moscow"]
[Date "2007.02.04"]
[Round "9"]
[White "Rogovsky, Alexander"]
[Black "Gingold, Anton"]
[Result "1-0"]
[WhiteElo "2117"]
[BlackElo "2079"]
[PlyCount "140"]
[EventDate "2007.??.??"]

1. d4 d5 2. c4 c6 3. Nc3 Nf6 4. Nf3 a6 5. cxd5 cxd5 6. Bf4 Nc6 7. e3 Bg4 8. Be2
e6 9. h3 Bh5 10. Ne5 Bxe2 11. Qxe2 Bd6 12. O-O O-O 13. Qf3 Rc8 14. g4 Bxe5 15.
Bxe5 Nxe5 16. dxe5 Nd7 17. Qg3 Qc7 18. f4 Qb6 19. Rf2 Nc5 20. Rd1 Rfd8 21. Rfd2
Qc7 22. h4 b5 23. Rd4 Qb8 24. b4 Nd7 25. e4 Qa7 26. Kh2 Rc4 27. Rxc4 dxc4 28.
Kg2 Qa8 29. Qe3 Nf8 30. Rd6 Rxd6 31. exd6 Qd8 32. e5 Qxh4 33. g5 h6 34. gxh6
Qxh6 35. Ne4 Qg6+ 36. Kf2 Qh5 37. Qg3 Qh1 38. Nf6+ Kh8 39. d7 Nxd7 40. Nxd7 Qh7
41. Kg2 Qc2+ 42. Kh3 Qf5+ 43. Kh2 c3 44. Qxc3 Qxf4+ 45. Kg2 Qg4+ 46. Kf2 Qf4+
47. Ke2 Qe4+ 48. Kd1 Qd5+ 49. Qd2 Qf3+ 50. Kc2 Qc6+ 51. Nc5 a5 52. Qd8+ Kh7 53.
Qxa5 Qg2+ 54. Kc3 Qf3+ 55. Nd3 Qc6+ 56. Kb2 Qg2+ 57. Kb1 Qg1+ 58. Kc2 Qg2+ 59.
Kc3 Qc6+ 60. Kd4 f5 61. exf6 gxf6 62. Qa7+ Kg6 63. Qc5 Qd7+ 64. Kc3 Qe8 65.
Nf4+ Kg7 66. Qg1+ Kf8 67. Qh1 Qc8+ 68. Kb2 Qc4 69. Qh8+ Kf7 70. Qh5+ Kg7 1-0

[Event "Moscow Open 2007"]
[Site "Moscow"]
[Date "2007.02.04"]
[Round "9"]
[White "Medvedev, Nikolai"]
[Black "Samedov, Alim"]
[Result "0-1"]
[WhiteElo "2012"]
[BlackElo "2104"]
[PlyCount "74"]
[EventDate "2007.??.??"]

1. e4 c6 2. d4 d5 3. e5 Bf5 4. Nc3 e6 5. g4 Bg6 6. Nge2 Bb4 7. a3 Bxc3+ 8. Nxc3
Nd7 9. h4 h6 10. Be3 Ne7 11. Qd2 Qc7 12. f4 O-O-O 13. O-O-O Nb6 14. h5 Bh7 15.
b3 Nd7 16. Bh3 Kb8 17. Rhf1 f5 18. g5 g6 19. Qe2 Qa5 20. Kb2 Rc8 21. Rh1 c5 22.
dxc5 Nxc5 23. Bxc5 Qxc5 24. Nb5 hxg5 25. Nd6 Qc3+ 26. Kb1 Rc5 27. Nf7 Rhc8 28.
Nxg5 Bg8 29. Rc1 gxh5 30. Qxh5 Nc6 31. Bf1 Nd4 32. Rh3 Qd2 33. Rh2 Qxf4 34. b4
Rc3 35. Kb2 Rb3+ 36. cxb3 Qxc1+ 37. Ka2 Nc2 0-1

[Event "Moscow Open 2007"]
[Site "Moscow"]
[Date "2007.02.04"]
[Round "9"]
[White "Larina, Marija"]
[Black "Lavrentiev, Yuri"]
[Result "1-0"]
[WhiteElo "2094"]
[BlackElo "1977"]
[PlyCount "83"]
[EventDate "2007.??.??"]

1. e4 c5 2. Nf3 d6 3. Nc3 a6 4. a4 Nc6 5. Bc4 Nd4 6. Nxd4 cxd4 7. Ne2 Bg4 8. f3
Bh5 9. Nxd4 Qb6 10. c3 e5 11. Ne2 Be7 12. d4 d5 13. Bxd5 Bh4+ 14. Ng3 Nf6 15.
dxe5 Nxd5 16. exd5 O-O 17. Qd4 Qd8 18. O-O Bg6 19. Be3 Re8 20. f4 f5 21. c4 Rc8
22. c5 Qd7 23. e6 Qe7 24. Qd2 Red8 25. b4 Bf6 26. Rad1 h5 27. Qa2 Kh7 28. d6
Qe8 29. d7 Rxd7 30. Rxd7 h4 31. Ne2 h3 32. Nd4 hxg2 33. Qxg2 Rc6 34. Nxc6 Qxe6
35. Qh3+ Kg8 36. Rd6 Qe4 37. Ne5 Be8 38. Qg2 Qxe3+ 39. Qf2 Qe4 40. Rd4 Bh4 41.
Qd2 Bc6 42. Rxe4 1-0

[Event "Moscow Open 2007"]
[Site "Moscow"]
[Date "2007.02.04"]
[Round "9"]
[White "Bukhteeva, Viktoria"]
[Black "Prudnikova, Ekaterina"]
[Result "0-1"]
[WhiteElo "2109"]
[BlackElo "2169"]
[PlyCount "114"]
[EventDate "2007.??.??"]

1. e4 d6 2. d4 Nf6 3. Nc3 e5 4. Nf3 Nbd7 5. Bb5 c6 6. Be2 Be7 7. O-O O-O 8. a4
b6 9. h3 a6 10. Be3 Rb8 11. Nd2 b5 12. axb5 axb5 13. f4 Re8 14. Bf3 Bb7 15. Qe1
exd4 16. Bxd4 c5 17. Be3 b4 18. Ne2 Qc7 19. Ng3 Bf8 20. Qf2 d5 21. exd5 Nxd5
22. Bxd5 Bxd5 23. Nf3 Bd6 24. Rfd1 Nf6 25. Ne5 Rbd8 26. b3 Bxe5 27. fxe5 Qxe5
28. Bxc5 Ne4 29. Nxe4 Bxe4 30. Bd4 Qg5 31. Ra7 Qg6 32. Rd2 Rd5 33. Be3 Rxd2 34.
Qxd2 h6 35. Bf4 Bxc2 36. Ra4 Bd3 37. Be3 Be4 38. Bf4 Bf5 39. Kh2 Bd3 40. Be3
Bb5 41. Rxb4 Bd7 42. Bf4 Bf5 43. Rd4 Kh7 44. b4 Rc8 45. Bg3 Rc2 46. Qf4 Qe6 47.
Bf2 g5 48. Qf3 Bg6 49. Qg3 Qe2 50. Kg1 Be4 51. Rd8 Rc1+ 52. Kh2 Qf1 53. Rh8+
Kxh8 54. Qe5+ Kg8 55. Qe8+ Kg7 56. Bd4+ Kg6 57. Qg8+ Kh5 0-1

[Event "Moscow Open 2007"]
[Site "Moscow"]
[Date "2007.02.04"]
[Round "9"]
[White "Losev, Sergey"]
[Black "Kurukin, Dmitry"]
[Result "0-1"]
[WhiteElo "2080"]
[BlackElo "2164"]
[PlyCount "90"]
[EventDate "2007.??.??"]

1. d4 Nf6 2. c4 g6 3. Nc3 Bg7 4. e4 d6 5. Nf3 O-O 6. g3 Nc6 7. Bg2 Bg4 8. h3
Bxf3 9. Bxf3 e5 10. d5 Nd4 11. Be3 c5 12. dxc6 bxc6 13. O-O Nd7 14. Bg2 Rb8 15.
Qd2 Qa5 16. b3 Qxc3 17. Qxc3 Ne2+ 18. Kh2 Nxc3 19. Rfe1 d5 20. exd5 cxd5 21.
cxd5 Nb5 22. Rac1 Rfc8 23. Rxc8+ Rxc8 24. a4 Nd4 25. b4 Kf8 26. d6 Nb6 27. a5
Nc4 28. d7 Rd8 29. Bxd4 exd4 30. Rc1 Ne5 31. Rc8 Ke7 32. f4 Nd3 33. Rxd8 Kxd8
34. b5 Kxd7 35. b6 a6 36. Bd5 Nc5 37. Bxf7 d3 38. Bc4 d2 39. Be2 Bc3 40. Kg2
Bxa5 41. b7 Nxb7 42. Kf1 Nc5 43. Bg4+ Kd6 44. Ke2 Ne4 45. Bc8 Nf2 0-1